[Event "Split op 6th"]
[Site "Split"]
[Date "2016.08.17"]
[Round "6"]
[White "Piskur, Mitja"]
[Black "Drnovsek, Gal"]
[Result "1/2-1/2"]
[WhiteElo "2278"]
[BlackElo "2367"]
[PlyCount "88"]
[EventDate "2016.08.13"]
[EventType "swiss"]
[EventRounds "9"]
[EventCountry "CRO"]
[SourceTitle "CBM 173 Extra"]
[Source "ChessBase"]
[SourceDate "2016.08.29"]
[SourceVersion "1"]
[SourceVersionDate "2016.08.29"]
[SourceQuality "1"]

1. e4 c5 2. Nf3 d6 3. d3 Nf6 4. g3 Nc6 5. Bg2 e5 6. 0-0 h6 7. c3 Be7 8. d4 exd4 9. cxd4 d5 10. exd5 Nxd5 11. Nc3 Nxc3 12. bxc3 0-0 13. Rb1 Na5 14. dxc5 Bxc5 15. Nd4 Qf6 16. Qh5 Bb6 17. Bf4 Bd7 18. Rfe1 Nc6 19. Be5 Nxe5 20. Qxe5 Qxe5 21. Rxe5 Rab8 22. Rd5 Be6 23. Nxe6 Bxf2+ 24. Kh1 fxe6 25. Re5 Rbd8 26. Re2 b6 27. Bh3 e5 28. Rf1 Bc5 29. Rxe5 Rd2 30. Be6+ Kh7 31. Rxf8 Bxf8 32. Rf5 Bc5 33. Rf7 a5 34. a4 Kg6 35. Rf4 h5 36. h4 Kh6 37. Rf3 g6 38. Bc4 Bd6 39. Kg1 Be5 40. Bb5 Rc2 41. c4 g5 42. hxg5+ Kxg5 43. Rd3 Rc3 44. Rxc3 Bxc3 1/2-1/2

[Event "Cetinje op"]
[Site "Cetinje"]
[Date "2016.05.07"]
[Round "6"]
[White "Krstonijevic, Stjepan"]
[Black "Piskur, Mitja"]
[Result "1/2-1/2"]
[WhiteElo "2155"]
[BlackElo "2269"]
[PlyCount "80"]
[EventDate "2016.05.04"]
[EventType "swiss"]
[EventRounds "9"]
[EventCountry "MNE"]
[SourceTitle "CBM 172 Extra"]
[Source "ChessBase"]
[SourceDate "2016.06.21"]
[SourceVersion "1"]
[SourceVersionDate "2016.06.21"]
[SourceQuality "1"]

1. d4 f5 2. Bg5 Nf6 3. Bxf6 exf6 4. e3 d5 5. c4 c6 6. Nc3 Bb4 7. a3 Bxc3+ 8. bxc3 Qa5 9. Qb3 0-0 10. Qb4 Qxb4 11. axb4 Be6 12. c5 Nd7 13. Nh3 g5 14. Bd3 f4 15. exf4 Rae8 16. Kd2 Bxh3 17. gxh3 a6 18. Bf5 Rf7 19. Rhg1 Kf8 20. Rae1 Ree7 21. Rxe7 Kxe7 22. Re1+ Kd8 23. Bxd7 Kxd7 24. f5 Re7 25. Rxe7+ Kxe7 26. Ke3 Kd7 27. Kf3 Ke7 28. Ke3 Kd7 29. Kd3 Kc7 30. c4 b6 31. cxd5 cxd5 32. Kc3 Kc6 33. Kb3 b5 34. Kc3 Kc7 35. Kd3 Kd7 36. Ke3 Kd8 37. f4 gxf4+ 38. Kxf4 Kd7 39. h4 Kd8 40. Ke3 h5 1/2-1/2

[Event "Zadar op-A 22nd"]
[Site "Zadar"]
[Date "2015.12.18"]
[Round "8"]
[White "Zovko, Mario"]
[Black "Piskur, Mitja"]
[Result "1-0"]
[WhiteElo "2297"]
[BlackElo "2234"]
[PlyCount "157"]
[EventDate "2015.12.13"]
[EventType "swiss"]
[EventRounds "9"]
[EventCountry "CRO"]
[SourceTitle "EXT 2017"]
[Source "ChessBase"]
[SourceDate "2016.10.25"]
[SourceVersion "1"]
[SourceVersionDate "2016.10.25"]
[SourceQuality "1"]

1. e4 d5 2. exd5 Qxd5 3. Nc3 Qd8 4. d4 Nf6 5. Nf3 g6 6. Bc4 Bg7 7. 0-0 0-0 8. Bg5 Nbd7 9. Re1 Nb6 10. Bb3 c6 11. Qe2 Re8 12. a4 a5 13. h3 Nbd5 14. Nxd5 cxd5 15. Ne5 Be6 16. c3 Ne4 17. Bf4 Rc8 18. Bc2 Nd6 19. Bd3 Nc4 20. Nxc4 dxc4 21. Be4 Bd5 22. Qf3 Bxe4 23. Rxe4 Qd7 24. Be5 Rc6 25. Bxg7 Kxg7 26. Re5 b6 27. Qe2 Rc7 28. Qc2 Rd8 29. Rae1 e6 30. h4 Qc6 31. h5 Rd5 32. Qd2 h6 33. hxg6 Rxe5 34. Rxe5 fxg6 35. Qe3 Qxa4 36. Rxe6 Qd1+ 37. Kh2 Qh5+ 38. Kg3 Rb7 39. f4 b5 40. Re5 Qd1 41. Re8 Qd3 42. Qxd3 cxd3 43. Kf3 Kf7 44. Re3 a4 45. Rxd3 a3 46. bxa3 Ra7 47. Re3 Rxa3 48. g3 Ra1 49. Ke2 b4 50. cxb4 Rb1 51. Kd3 Rxb4 52. Ke4 Ke6 53. Ra3 Rb6 54. g4 h5 55. gxh5 gxh5 56. Ra5 Rb1 57. Re5+ Kf6 58. Rxh5 Re1+ 59. Kd5 Rf1 60. f5 Ra1 61. Kc6 Rc1+ 62. Kd6 Ra1 63. d5 Ra2 64. Kc6 Ra6+ 65. Kb5 Ra1 66. d6 Rc1 67. Kb6 Kf7 68. Rh7+ Ke8 69. Re7+ Kd8 70. f6 Rd1 71. Kc6 Rc1+ 72. Kd5 Rd1+ 73. Ke6 Re1+ 74. Kf7 Rg1 75. Kf8 Rf1 76. Kf7 Rf2 77. Kg7 Rg2+ 78. Kf8 Rg1 79. Rg7 1-0

[Event "Zadar op-A 22nd"]
[Site "Zadar"]
[Date "2015.12.17"]
[Round "7"]
[White "Piskur, Mitja"]
[Black "Biliskov, Vjekoslav"]
[Result "1-0"]
[WhiteElo "2234"]
[BlackElo "2341"]
[PlyCount "45"]
[EventDate "2015.12.13"]
[EventType "swiss"]
[EventRounds "9"]
[EventCountry "CRO"]
[SourceTitle "EXT 2017"]
[Source "ChessBase"]
[SourceDate "2016.10.25"]
[SourceVersion "1"]
[SourceVersionDate "2016.10.25"]
[SourceQuality "1"]

1. e4 c5 2. Nf3 Nc6 3. d3 g6 4. g3 Bg7 5. Bg2 Nf6 6. 0-0 0-0 7. Re1 d6 8. Nc3 Rb8 9. a4 b6 10. Nd2 Bb7 11. Nc4 Nd4 12. Nd5 e6 13. Nxf6+ Bxf6 14. c3 Nc6 15. Bf4 e5 16. Bh6 Re8 17. Ne3 Ne7 18. Ng4 Bh8 19. Bg5 Rf8 20. Nf6+ Kg7 21. Qd2 h6 22. Bxh6+ Kxf6 23. Bh3 1-0

[Event "SLO-chT1 West"]
[Site "Ljubljana"]
[Date "2015.11.29"]
[Round "9"]
[White "Piskur, Mitja"]
[Black "Markun, Bostjan"]
[Result "1-0"]
[WhiteElo "2234"]
[BlackElo "2323"]
[PlyCount "119"]
[EventDate "2015.10.16"]
[EventType "team-tourn"]
[EventRounds "9"]
[EventCountry "SLO"]
[SourceTitle "EXT 2019"]
[Source "ChessBase"]
[SourceDate "2018.10.10"]
[SourceVersion "1"]
[SourceVersionDate "2018.10.10"]
[SourceQuality "1"]
[WhiteTeam "Trebnje BMP"]
[BlackTeam "Prevodi Dvojka"]
[WhiteTeamCountry "SLO"]
[BlackTeamCountry "SLO"]

1. g3 Nf6 2. Bg2 d5 3. f4 g6 4. Nf3 Bg7 5. 0-0 0-0 6. d3 c5 7. Ne5 Nbd7 8. c3 Qc7 9. d4 b6 10. Be3 Bb7 11. Nd2 Rad8 12. Kh1 Ne4 13. Rc1 Nxd2 14. Qxd2 Nxe5 15. fxe5 f6 16. exf6 exf6 17. Rf2 Qe7 18. Bh6 cxd4 19. cxd4 Rc8 20. Bxg7 Rxc1+ 21. Qxc1 Kxg7 22. Qd2 Rc8 23. Rf3 Re8 24. Ra3 a6 25. Rc3 Qd6 26. Bf3 Rc8 27. Kg2 Rxc3 28. Qxc3 Kf7 29. h4 h5 30. Qe3 Kg7 31. Qe8 Bc6 32. Qc8 a5 33. Qa6 Qc7 34. a3 Qb8 35. b4 axb4 36. axb4 Qb7 37. b5 Qxa6 38. bxa6 Bb5 39. a7 Bc6 40. Kf2 f5 41. e3 Kf6 42. Be2 Ke7 43. Bb5 Bb7 44. Ke2 Ba8 45. Kd3 Bb7 46. Kc3 Kd8 47. Kd2 Ke7 48. Ke2 Ba8 49. Kf3 Bb7 50. Kf4 Kf6 51. Be8 Ba8 52. Kf3 Bb7 53. Ke2 g5 54. Bxh5 gxh4 55. gxh4 b5 56. Kd3 b4 57. Be8 b3 58. Kc3 f4 59. exf4 Kf5 60. h5 1-0